LEADER 00959nam a2200217 i 4500 001 000000196718 003 CaOOAMICUS 005 20110201000000.0 008 110201n fr u000 u fre u 013 $a175401 040 $aSeMil$bita 100 1 $aWinninger, Paul,$d<1920- >.$0(OLS)http://semarc/name/31215 245 14$aLes dimensions des paroisses et les contradictions de l'apostolat dans les villes /$cP. Winninger. 260 $a[S.l. :$bs.n.],$c[1956] 300 $aP. [51]-76 ;$c24 cm. 500 $aEstratto da : Revue de Droit Canonique, Tome 6., n.1, Mars 1956. - Titolo e responsabilità dalla copertina. 850 $aSeMil 852 $aSeMil$W1$xVenegono$y1$m5B XII 9/25$j147281$B147281$CSeMilBibl$Z2$F158839 $81 961 $aOmaggio: Altro 996 $6245$aLes dimensions des paroisses et les contradictions de l'apostolat dans les villes$9(OLS)http://semarc/title/284053 996 $6260$a[S.l. :$bs.n.]$9(OLS)http://semarc/publisher/29751 LEADER 01169nam a2200277 i 4500 001 000000099838 003 CaOOAMICUS 005 20030925000000.0 008 030925s2003 it u000 u ita u 013 $a71990 020 $a88-308-0156-7 040 $aSeMil$bita 100 1 $aStrola, Germana.$0(OLS)http://semarc/name/43327 245 13$aIl desiderio di Dio :$bstudio dei Salmi 42-43 /$cGermana Strola. 260 $aAssisi :$bCittadella,$c2003. 300 $a501 p. ;$c21 cm. 490 0 $aStudi e ricerche 500 $aDissertazione per il conseguimento del Dottorato in Scienze Bibliche. - Contiene : Bibliografia. 650 4$aBibbia. Antico Testamento. Salmi, 1-50.$0(OLS)http://semarc/subject/7334 830 0$aStudi e ricerche.$0(OLS)http://semarc/title/6597 850 $aSeMil 852 $aSeMil$W1$xVenegono$y1$m2Z I 100$j57192$B57192$CSeMilBibl$Z2$F67349 $81 961 $aOmaggio: Fumagalli don Aristide 996 $6020$a88-308-0156-7$9(OLS)http://semarc/number/79866 996 $6245$aIl desiderio di Dio :$bstudio dei Salmi 42-43$9(OLS)http://semarc/title/147252 996 $6260$aAssisi :$bCittadella$9(OLS)http://semarc/publisher/29661